MARC details
| 000 -LEADER |
| campo de control de longitud fija |
01921cam a2200493 a 4500 |
| 001 - NÚMERO DE CONTROL |
| campo de control |
39203 |
| 005 - FECHA Y HORA DE LA ÚLTIMA TRANSACCIÓN |
| campo de control |
20230410121133.0 |
| 008 - DATOS DE LONGITUD FIJA--INFORMACIÓN GENERAL |
| campo de control de longitud fija |
920330s1992 fr b 001 0 fre |
| 010 ## - NÚMERO DE CONTROL DE LA BIBLIOTECA DEL CONGRESO |
| Número de control de LC |
92139872 |
| 035 ## - NÚMERO DE CONTROL DEL SISTEMA |
| Número de control de sistema |
(OCoLC)ocm28967292 |
| 040 ## - FUENTE DE CATALOGACIÓN |
| Centro catalogador/agencia de origen |
DLC |
| Centro/agencia transcriptor |
DLC |
| Centro/agencia modificador |
FBF |
| -- |
WAU |
| -- |
MUQ |
| -- |
NLGGC |
| 019 ## - |
| -- |
25738994 |
| 020 ## - NÚMERO INTERNACIONAL ESTÁNDAR DEL LIBRO |
| Número Internacional Estándar del Libro |
2707120987 : |
| Condiciones de disponibilidad |
160F |
| 020 ## - NÚMERO INTERNACIONAL ESTÁNDAR DEL LIBRO |
| Número Internacional Estándar del Libro |
9782707120984 |
| 029 1# - OTRO NÚMERO DE CONTROL DE SISTEMA (OCLC) |
| Identificador de la biblioteca OCLC |
NLGGC |
| Número de control de sistema |
094743037 |
| 035 ## - NÚMERO DE CONTROL DEL SISTEMA |
| Número de control de sistema |
(OCoLC)28967292 |
| Número de control cancelado/no válido |
(OCoLC)25738994 |
| 043 ## - CÓDIGO DE ÁREA GEOGRÁFICA |
| Código de área geográfica |
e-fr--- |
| 050 14 - SIGNATURA TOPOGRÁFICA DE LA BIBLIOTECA DEL CONGRESO |
| Número de clasificación |
JV 1817 |
| Número de ítem |
B473d 1992 |
| 082 00 - NÚMERO DE LA CLASIFICACIÓN DECIMAL DEWEY |
| Número de clasificación |
325/.344/09034 |
| 100 1# - ENTRADA PRINCIPAL--NOMBRE DE PERSONA |
| Nombre de persona |
Benot, Yves. |
| 245 13 - MENCIÓN DEL TÍTULO |
| Título |
La démence coloniale sous Napoleon : |
| Resto del título |
essai / |
| Mención de responsabilidad, etc. |
Yves Benot. |
| 260 ## - PUBLICACIÓN, DISTRIBUCIÓN, ETC. |
| Lugar de publicación, distribución, etc. |
Paris : |
| Nombre del editor, distribuidor, etc. |
Editions La Decouverte, |
| Fecha de publicación, distribución, etc. |
1992. |
| 300 ## - DESCRIPCIÓN FÍSICA |
| Extensión |
407 p. ; |
| Dimensiones |
22 cm. |
| 440 #0 - MENCIÓN DE SERIE/PUNTO DE ACCESO ADICIONAL--TÍTULO |
| Título |
Textes áa l'appui. |
| Nombre de parte o sección de la obra |
Serie Histoire contemporaine |
| 504 ## - NOTA DE BIBLIOGRAFÍA, ETC. |
| Nota de bibliografía, etc. |
Includes bibliographical references (p. 390-[394]) and index. |
| 650 #0 - PUNTO DE ACCESO ADICIONAL DE MATERIA--TÉRMINO DE MATERIA |
| Término de materia o nombre geográfico como elemento de entrada |
Antislavery movements |
| Subdivisión geográfica |
France |
| Subdivisión general |
History |
| Subdivisión cronológica |
19th century. |
| 650 #0 - PUNTO DE ACCESO ADICIONAL DE MATERIA--TÉRMINO DE MATERIA |
| Término de materia o nombre geográfico como elemento de entrada |
Slavery |
| Subdivisión geográfica |
France |
| Subdivisión general |
Justification |
| -- |
History |
| Subdivisión cronológica |
19th century. |
| 651 #0 - PUNTO DE ACCESO ADICIONAL DE MATERIA--NOMBRE GEOGRÁFICO |
| Nombre geográfico |
France |
| Subdivisión general |
Colonies |
| -- |
History |
| Subdivisión cronológica |
19th century. |
| 651 #0 - PUNTO DE ACCESO ADICIONAL DE MATERIA--NOMBRE GEOGRÁFICO |
| Nombre geográfico |
France |
| Subdivisión general |
History |
| Subdivisión cronológica |
Consulate and First Empire, 1799-1815. |
| 600 00 - PUNTO DE ACCESO ADICIONAL DE MATERIA--NOMBRE DE PERSONA |
| Nombre de persona |
Napoleon |
| Numeración |
I, |
| Títulos y otros términos asociados al nombre |
Emperor of the French, |
| Fechas asociadas al nombre |
1769-1821 |
| Subdivisión general |
Political and social views. |
| 650 #7 - PUNTO DE ACCESO ADICIONAL DE MATERIA--TÉRMINO DE MATERIA |
| Término de materia o nombre geográfico como elemento de entrada |
Esclavage |
| Subdivisión geográfica |
France |
| Subdivisión general |
Mouvements antiesclavagistes |
| Subdivisión cronológica |
1799-1815. |
| Fuente del encabezamiento o término |
ram |
| 650 #7 - PUNTO DE ACCESO ADICIONAL DE MATERIA--TÉRMINO DE MATERIA |
| Término de materia o nombre geográfico como elemento de entrada |
Esclavage |
| Subdivisión geográfica |
France |
| Subdivisión general |
Justification |
| Subdivisión cronológica |
1799-1815. |
| Fuente del encabezamiento o término |
ram |
| 651 #7 - PUNTO DE ACCESO ADICIONAL DE MATERIA--NOMBRE GEOGRÁFICO |
| Nombre geográfico |
France |
| Subdivisión general |
Colonies |
| -- |
Histoire |
| Subdivisión cronológica |
1799-1815. |
| Fuente del encabezamiento o término |
ram |
| 600 06 - PUNTO DE ACCESO ADICIONAL DE MATERIA--NOMBRE DE PERSONA |
| Nombre de persona |
Napoleon |
| Numeración |
Ier, |
| Títulos y otros términos asociados al nombre |
empereur des Francais, |
| Fechas asociadas al nombre |
1769-1821 |
| Subdivisión general |
Et le colonialisme. |
| 600 06 - PUNTO DE ACCESO ADICIONAL DE MATERIA--NOMBRE DE PERSONA |
| Nombre de persona |
Napoleon |
| Numeración |
Ier, |
| Títulos y otros términos asociados al nombre |
empereur des Francais, |
| Fechas asociadas al nombre |
1769-1821 |
| Subdivisión general |
Et le racisme. |
| 650 #6 - PUNTO DE ACCESO ADICIONAL DE MATERIA--TÉRMINO DE MATERIA |
| Término de materia o nombre geográfico como elemento de entrada |
Abolitionnistes |
| Subdivisión geográfica |
France. |
| 650 #6 - PUNTO DE ACCESO ADICIONAL DE MATERIA--TÉRMINO DE MATERIA |
| Término de materia o nombre geográfico como elemento de entrada |
Esclavage |
| Subdivisión geográfica |
France |
| Subdivisión general |
Mouvements antiesclavagistes. |
| 650 #6 - PUNTO DE ACCESO ADICIONAL DE MATERIA--TÉRMINO DE MATERIA |
| Término de materia o nombre geográfico como elemento de entrada |
Esclavage |
| Subdivisión geográfica |
Antilles. |
| 651 #6 - PUNTO DE ACCESO ADICIONAL DE MATERIA--NOMBRE GEOGRÁFICO |
| Nombre geográfico |
France |
| Subdivisión general |
Colonies |
| -- |
Histoire |
| Subdivisión cronológica |
19e siecle. |
| 650 #4 - PUNTO DE ACCESO ADICIONAL DE MATERIA--TÉRMINO DE MATERIA |
| Término de materia o nombre geográfico como elemento de entrada |
CEH |
| 650 #4 - PUNTO DE ACCESO ADICIONAL DE MATERIA--TÉRMINO DE MATERIA |
| Término de materia o nombre geográfico como elemento de entrada |
Colección Estudios Haitianos |
| 942 ## - ELEMENTOS DE ENTRADA SECUNDARIOS (KOHA) |
| Fuente del sistema de clasificación o colocación |
Clasificación de Library of Congress |
| Tipo de ítem Koha |
|
| 994 ## - |
| -- |
C0 |
| -- |
DRFGD |